Religion Quiz

Random Religion or Famous Quiz
Score 0/19 Timer 05:00
0 Plays Today
% Correct
child of God.
77.2%
that we are inadequate.
76.3%
automatically liberates others.
76.3%
about shrinking
72.8%
our own light shine,
72.3%
that we are powerful beyond measure.
71.4%
that most frightens us.
70.1%
Who am I to be
70.1%
it's in everyone.
70.1%
talented, fabulous?
69.2%
% Correct
does not serve the world.
67%
not to be?
64.7%
from our own fear,
64.3%
shine, as children do.
63.4%
do the same.
61.6%
give other people
60.7%
won't feel insecure around you.
59.8%
that is within us.
56.7%
make manifest
48.2%
Remove Ads.
Support Sporcle.
Get the best of Sporcle when you Go Orange. This ad-free experience offers more features, more stats, and more fun while also helping to support Sporcle. Thank you for becoming a member.

You're not logged in!

Compare scores with friends on all Sporcle quizzes.
OR
Log In

Show Comments

Extras

Top Quizzes Today


Score Distribution

Your Account Isn't Verified!

In order to create a playlist on Sporcle, you need to verify the email address you used during registration. Go to your Sporcle Settings to finish the process.

Report this User

Report this user for behavior that violates our Community Guidelines.

Details: